| 000 | 01040cam a22002411a 4500 | ||
|---|---|---|---|
| 001 | sd 19000218 | ||
| 003 | DLC | ||
| 005 | 20260227112731.0 | ||
| 007 | cr_||||||||||| | ||
| 008 | 770926s1861 vau 000 0aeng c | ||
| 010 | _asd 19000218 | ||
| 035 | _a(OCoLC)3295038 | ||
| 040 |
_aU. S. Dept. of State Library _cABAU _dABAU _dPPiU _dDLC |
||
| 050 | 0 | 0 |
_aE312.8 _b1789-91a |
| 100 | 1 |
_aWashington, George, _d1732-1799 |
|
| 245 | 1 | 4 |
_aThe diary of George Washington, from 1789 to 1791 : _bembracing the opening of the first Congress, and his tours through New England, Long Island, and the southern states. Together with his Journal of a tour to the Ohio, in 1753. _cEdited by Benson J. Lossing. |
| 260 |
_aRichmond : _bPress of the Historical Society, _c1861. |
||
| 300 |
_a248 p. ; _c23 cm. |
||
| 530 | _aAlso available in digital form on the Internet Archive Web site. | ||
| 600 | 1 | 0 |
_aWashington, George, _d1732-1799 _xDiaries. |
| 700 | 1 |
_aLossing, Benson John, _d1813-1891. |
|
| 856 | 4 | 1 | _uhttp://hdl.loc.gov/loc.gdc/scd0001.00118379901 |
| 999 |
_c89746 _d89746 |
||